LIBRARY ONLINE CATALOGUE

Decentralization of education : (Record no. 7327)

MARC details
000 -LEADER
fixed length control field 00708nam a22002172 4500
001 - CONTROL NUMBER
control field 0000006976
005 - DATE AND TIME OF LATEST TRANSACTION
control field 20151217152019.0
008 - FIXED-LENGTH DATA ELEMENTS--GENERAL INFORMATION
fixed length control field 071102s xx 000 0 eng d
020 ## - INTERNATIONAL STANDARD BOOK NUMBER
International Standard Book Number 0821339338 :
Terms of availability KES 800
040 ## - CATALOGING SOURCE
Original cataloging agency KABU
Transcribing agency KABU
100 1# - MAIN ENTRY--PERSONAL NAME
Personal name Florestal, Ketleen.
-- 0000157955
245 10 - TITLE STATEMENT
Title Decentralization of education :
Remainder of title legal issues /
Statement of responsibility, etc. Ketleen Florestal, Robb Cooper.
260 ## - PUBLICATION, DISTRIBUTION, ETC. (IMPRINT)
Place of publication, distribution, etc. Washington, D. C. :
Name of publisher, distributor, etc. World Bank,
Date of publication, distribution, etc. 1997.
300 ## - PHYSICAL DESCRIPTION
Extent ix, 35 p.
650 #0 - SUBJECT ADDED ENTRY--TOPICAL TERM
Topical term or geographic name as entry element Educational law and legislation.
-- 0000157956
650 #0 - SUBJECT ADDED ENTRY--TOPICAL TERM
Topical term or geographic name as entry element Schools
General subdivision Decentralization.
-- 0000157957
700 1# - ADDED ENTRY--PERSONAL NAME
Personal name Cooper, Robb.
-- 0000157958
908 ## - PUT COMMAND PARAMETER (RLIN)
Put command parameter 071102
950 ## - LOCAL HOLDINGS (RLIN)
-- 1
Holdings
Withdrawn status Lost status Source of classification or shelving scheme Not for loan Home library Current library Date acquired Total Checkouts Full call number Barcode Checked out Date last seen Date last checked out Price effective from Koha item type
    Library of Congress Classification   Kabarak, Main Campus Kabarak, Main Campus 17/12/2015 1 K3740 .F56 012911 10/10/2024 24/09/2024 24/09/2024 17/12/2015 General Collection